000
00390nam a2200145Ia 4500
008
090124s9999 xx 000 0 und d
082
_b
302571
245
_a
अशांत पर्व
250
_a
1
260
_b
खांडेकर संजीव
_c
1991
300
_a
152
630
_a
अशांत पर्व
730
_a
अशांत पर्व
942
_c
BOOK
999
_c
192208
_d
192208